[Event "Stay Safe Play From Home 252"]
[Site "Emanuel Lasker Arena"]
[Date "2020.06.24"]
[Round "1"]
[White "Position"]
[Black "Erdema"]
[Result "1-0"]
[WhiteElo "2089"]
[BlackElo "1493"]
[Annotator "TA"]
[PlyCount "49"]
[EventDate "2020.06.24"]
[EventType "swiss (blitz)"]

{[%evp 12,48,38,-14,14,12,14,4,3,-20,52,63,84,76,107,111,96,68,131,125,208,191,176,98,97,44,68,68,238,191,344,322,521,512,540,522,29998,29999,29999]} 1. e4 e5 2. Nf3 Nc6 3. Bc4 Bc5 4. d3 h6 5. O-O Nf6 6. c3 d6 7. d4 (7. b4 $14 Bb6 8. a4) 7... exd4 {C54: Giuoco Piano: 4 c3 Nf6, main lines with 5 d4 and 5 d3.} 8. cxd4 Bb6 9. h3 O-O {The position is equal.} 10. Nc3 Re8 (10... Nxe4 $1 $11 11. Nxe4 d5 12. Bxd5 Qxd5 {[%mdl 64] Double Attack}) 11. Re1 $14 a6 12. Bf4 $36 {[%mdl 2048] White is really pushing.} Nh5 13. Bh2 {[#]} Nf6 $146 ({Predecessor:} 13... Qf6 14. Nd5 Qg6 15. Nh4 Qg5 16. Nf3 {½-½ (16) Leranoz Zabalza,A (1985)-Ojer Lora,I (1790) Spain 1999}) 14. Qd2 Na5 ({Black should play} 14... Ba5 $14) 15. Bd3 $16 c5 (15... Nc6 $16 {was worth a try.}) 16. dxc5 Bxc5 {[#]} 17. Rad1 (17. e5 $1 $18 {[%cal Re5f6]} dxe5 18. Bxe5 (18. Rxe5 Ba7 $16)) 17... Nc6 18. Nd5 ({Better is} 18. Bc2 $16) 18... Nxd5 19. exd5 Nb4 $2 {This costs Black the game.} ({Black should try} 19... Rxe1+ $14 20. Rxe1 Ne7) 20. Bb1 $18 {aiming for a3.} Bd7 $2 (20... Rxe1+ {is a better defense.} 21. Rxe1 a5) 21. a3 Nxd5 $2 (21... Rxe1+ {might work better.} 22. Nxe1 Ba4) 22. Qxd5 Bc6 23. Qd3 {[#] Qh7+ would kill now.} Qb6 24. Qh7+ Kf8 25. Qh8# {Accuracy: White = 75%, Black = 33%.} 1-0

[Event "Stay Safe Play From Home 252"]
[Site "Emanuel Lasker Arena"]
[Date "2020.06.24"]
[Round "1"]
[White "Klasman"]
[Black "Indianquant"]
[Result "0-1"]
[WhiteElo "1653"]
[BlackElo "2321"]
[Annotator "TA"]
[PlyCount "34"]
[EventDate "2020.06.24"]
[EventType "swiss (blitz)"]

{[%evp 9,34,6,14,4,8,8,14,3,6,0,5,-45,-46,-53,-34,-57,-53,-72,-93,-161,-145,-147,-149,-154,-155,-157,-148]} 1. f4 c5 2. e4 g6 3. Nf3 Bg7 4. c3 Nf6 5. e5 Nd5 6. d4 {B21: Sicilian: 2 f4 and Morra Gambit.} cxd4 7. cxd4 d6 8. Bc4 {The position is equal.} Nb6 9. Bb3 Nc6 {[#]} 10. d5 $146 ({Predecessor:} 10. Nc3 O-O 11. e6 d5 12. exf7+ Rxf7 13. h3 Na5 14. Bc2 Bf5 15. Bxf5 Rxf5 16. O-O {1-0 (55) Djurhuus,R (2588)-Svensson,B (2459) Sweden 2005}) 10... Na5 $1 11. Nc3 Nxb3 12. axb3 Bg4 13. Be3 O-O 14. Bd4 (14. exd6 $17 Qxd6 15. O-O) 14... dxe5 $19 {Black is clearly better.} 15. fxe5 Nxd5 16. O-O Nb4 17. Bxa7 Nc6 {White did not feel at home in the position after the opening. Accuracy: White = 75%, Black = 100%.} 0-1

[Event "Stay Safe Play From Home 252"]
[Site "Emanuel Lasker Arena"]
[Date "2020.06.24"]
[Round "1"]
[White "Viani A Dcunha"]
[Black "Charlsjulian19"]
[Result "1-0"]
[WhiteElo "1620"]
[BlackElo "1620"]
[Annotator "NA"]
[PlyCount "109"]
[EventDate "2020.06.24"]
[EventType "swiss (blitz)"]

1. e4 {[%emt 0:00:04]} e5 {[%emt 0:00:01]} 2. Nf3 {[%emt 0:00:01]} Nc6 {[%emt 0:00:01]} 3. Bc4 {[%emt 0:00:02]} Bc5 {[%emt 0:00:02]} 4. c3 {[%emt 0:00:02]} Nf6 {[%emt 0:00:02]} 5. d4 {[%emt 0:00:05]} exd4 {[%emt 0:00:01]} 6. e5 {[%emt 0:00:01]} Ne4 {[%emt 0:00:06]} 7. Bd5 {[%emt 0:00:11]} Nxf2 {[%emt 0:00:03]} 8. Kxf2 {[%emt 0:00:00]} dxc3+ {[%emt 0:00:01]} 9. Kg3 {[%emt 0:00:14]} O-O {[%emt 0:00:02]} 10. Nxc3 {[%emt 0:00:04]} Be7 {[%emt 0:00:14]} 11. h3 {[%emt 0:00:13]} d6 {[%emt 0:00:19]} 12. Bxc6 {[%emt 0:00:04]} bxc6 {[%emt 0:00:06]} 13. Re1 {[%emt 0:00:03]} Be6 {[%emt 0:00:39]} 14. b3 {[%emt 0:00:14]} dxe5 {[%emt 0:00:06]} 15. Qxd8 {[%emt 0:00:06]} Rfxd8 {[%emt 0:00:01]} 16. Nxe5 {[%emt 0:00:06]} Bb4 {[%emt 0:00:05]} 17. Re3 {[%emt 0:00:25]} Bd6 {[%emt 0:00:04]} 18. Kf3 {[%emt 0:00:14]} Bc5 {[%emt 0:00:05]} 19. Re2 {[%emt 0:00:31]} f6 {[%emt 0:00:15]} 20. Na4 {[%emt 0:01:04]} Bd4 {[%emt 0:00:12]} 21. Bb2 {[%emt 0:00:01]} fxe5 {[%emt 0:00:03]} 22. Rc1 {[%emt 0:00:06]} Bd5+ {[%emt 0:00:07]} 23. Kg3 {[%emt 0:00:01]} Rd6 {[%emt 0:00:06]} 24. Nc5 {[%emt 0:00:08]} Bxb2 {[%emt 0:00:12]} 25. Rxb2 {[%emt 0:00:02]} e4 {[%emt 0:00:03]} 26. Kf4 {[%emt 0:00:03]} e3 {[%emt 0:00:05]} 27. Kxe3 {[%emt 0:00:02]} Re8+ {[%emt 0:00:04]} 28. Kf2 {[%emt 0:00:01]} Rg6 {[%emt 0:00:08]} 29. Kg1 {[%emt 0:00:02]} h5 {[%emt 0:00:04]} 30. Na6 {[%emt 0:00:01]} Re7 {[%emt 0:00:02]} 31. Nb4 {[%emt 0:00:01]} Be6 {[%emt 0:00:04]} 32. Kh2 {[%emt 0:00:04]} c5 {[%emt 0:00:02]} 33. Nc6 {[%emt 0:00:01]} Re8 {[%emt 0:00:07]} 34. Rxc5 {[%emt 0:00:00]} Bd7 {[%emt 0:00:05]} 35. Ne5 {[%emt 0:00:01]} Rg5 {[%emt 0:00:02]} 36. Nxd7 {[%emt 0:00:01]} Rxc5 {[%emt 0:00:01]} 37. Nxc5 {[%emt 0:00:00]} Re5 {[%emt 0:00:01]} 38. Rc2 {[%emt 0:00:01]} a5 {[%emt 0:00:02]} 39. Na6 {[%emt 0:00:01]} Kf7 {[%emt 0:00:01]} 40. Nxc7 {[%emt 0:00:01]} Re3 {[%emt 0:00:02]} 41. Rc4 {[%emt 0:00:01]} g6 {[%emt 0:00:02]} 42. Ra4 {[%emt 0:00:01]} Re5 {[%emt 0:00:02]} 43. Rd4 {[%emt 0:00:01]} Kf6 {[%emt 0:00:01]} 44. Rd5 {[%emt 0:00:01]} Re2 {[%emt 0:00:02]} 45. Rxa5 {[%emt 0:00:01]} Rb2 {[%emt 0:00:01]} 46. Nd5+ {[%emt 0:00:01]} Ke5 {[%emt 0:00:01]} 47. Ne3+ {[%emt 0:00:00]} Ke4 {[%emt 0:00:01]} 48. Nc4 {[%emt 0:00:00]} Re2 {[%emt 0:00:03]} 49. Re5+ {[%emt 0:00:01]} Kd3 {[%emt 0:00:00]} 50. Rxe2 {[%emt 0:00:00]} Kxe2 {[%emt 0:00:01]} 51. a4 {[%emt 0:00:00]} Kd3 {[%emt 0:00:01]} 52. a5 {[%emt 0:00:00]} Kd4 {[%emt 0:00:00]} 53. a6 {[%emt 0:00:00]} Kc5 {[%emt 0:00:00]} 54. a7 {[%emt 0:00:00]} Kc6 {[%emt 0:00:00]} 55. a8=Q+ {[%emt 0:00:00] Charlsjulian19 resigns (Lag: Av=1.01s, max=1.7s)} 1-0

[Event "Stay Safe Play From Home 252"]
[Site "Emanuel Lasker Arena"]
[Date "2020.06.24"]
[Round "1"]
[White "Shyamph1980"]
[Black "Lazieri3"]
[Result "0-1"]
[WhiteElo "1579"]
[BlackElo "2087"]
[Annotator "NA"]
[PlyCount "102"]
[EventDate "2020.06.24"]
[EventType "swiss (blitz)"]

1. e4 {[%emt 0:01:01]} c6 {[%emt 0:00:00]} 2. d4 {[%emt 0:00:04]} d5 {[%emt 0:00:00]} 3. e5 {[%emt 0:00:01]} Bf5 {[%emt 0:00:03]} 4. c3 {[%emt 0:00:03]} e6 {[%emt 0:00:07]} 5. Bd3 {[%emt 0:00:01]} Bxd3 {[%emt 0:00:01]} 6. Qxd3 {[%emt 0:00:01]} c5 {[%emt 0:00:00]} 7. Nf3 {[%emt 0:00:03]} Nc6 {[%emt 0:00:01]} 8. O-O {[%emt 0:00:01]} cxd4 {[%emt 0:00:01]} 9. cxd4 {[%emt 0:00:01]} Nge7 {[%emt 0:00:00]} 10. a3 {[%emt 0:00:02]} Ng6 {[%emt 0:00:03]} 11. Bg5 {[%emt 0:00:08]} Be7 {[%emt 0:00:02]} 12. Bxe7 {[%emt 0:00:06]} Qxe7 {[%emt 0:00:00]} 13. Nc3 {[%emt 0:00:01]} O-O {[%emt 0:00:03]} 14. Rac1 {[%emt 0:00:03]} a6 {[%emt 0:00:02]} 15. Na4 {[%emt 0:00:02]} h6 {[%emt 0:00:03]} 16. h3 {[%emt 0:00:04]} Rac8 {[%emt 0:00:03]} 17. Nb6 {[%emt 0:00:02]} Rc7 {[%emt 0:00:01]} 18. b4 {[%emt 0:00:03]} Na7 {[%emt 0:00:03]} 19. Na4 {[%emt 0:00:10]} Rfc8 {[%emt 0:00:03]} 20. Qd2 {[%emt 0:00:11]} a5 {[%emt 0:00:06]} 21. Nc5 {[%emt 0:00:04]} b6 {[%emt 0:00:04]} 22. Na6 {[%emt 0:00:04]} Rxc1 {[%emt 0:00:01]} 23. Rxc1 {[%emt 0:00:02]} Rxc1+ {[%emt 0:00:01]} 24. Qxc1 {[%emt 0:00:01]} axb4 {[%emt 0:00:02]} 25. axb4 {[%emt 0:00:01]} Nb5 {[%emt 0:00:03]} 26. Qc6 {[%emt 0:00:05]} Na3 {[%emt 0:00:05]} 27. Qxb6 {[%emt 0:00:06]} Nc4 {[%emt 0:00:01]} 28. Qb8+ {[%emt 0:00:04]} Kh7 {[%emt 0:00:02]} 29. b5 {[%emt 0:00:01]} Qa3 {[%emt 0:00:04]} 30. Qb7 {[%emt 0:00:18]} Qc1+ {[%emt 0:00:03]} 31. Kh2 {[%emt 0:00:04]} Qf4+ {[%emt 0:00:02]} 32. Kg1 {[%emt 0:00:03]} Nb2 {[%emt 0:00:26]} 33. Qc6 {[%emt 0:00:21]} Nc4 {[%emt 0:00:10]} 34. b6 {[%emt 0:00:03]} Qc1+ {[%emt 0:00:11]} 35. Kh2 {[%emt 0:00:05]} Qb2 {[%emt 0:00:53]} 36. Kg3 {[%emt 0:00:34]} Qxb6 {[%emt 0:00:03]} 37. Qxb6 {[%emt 0:00:03]} Nxb6 {[%emt 0:00:00]} 38. Nc5 {[%emt 0:00:01]} Nc4 {[%emt 0:00:02]} 39. Nd3 {[%emt 0:00:10]} Ne7 {[%emt 0:00:02]} 40. Kh2 {[%emt 0:00:08]} g5 {[%emt 0:00:04]} 41. Kg1 {[%emt 0:00:01]} Nf5 {[%emt 0:00:01]} 42. Kf1 {[%emt 0:00:02]} Kg6 {[%emt 0:00:01]} 43. Ke2 {[%emt 0:00:01]} Ne7 {[%emt 0:00:02]} 44. g4 {[%emt 0:00:01]} Nc6 {[%emt 0:00:02]} 45. Nc5 {[%emt 0:00:05]} Nb4 {[%emt 0:00:01]} 46. Nd7 {[%emt 0:00:03]} Na2 {[%emt 0:00:02]} 47. Kd3 {[%emt 0:00:01]} Nc1+ {[%emt 0:00:01]} 48. Kc2 {[%emt 0:00:02]} Ne2 {[%emt 0:00:01]} 49. Kd3 {[%emt 0:00:02]} Nf4+ {[%emt 0:00:01]} 50. Kc3 {[%emt 0:00:05]} Nxh3 {[%emt 0:00:00]} 51. Nf6 {[%emt 0:00:09]} Nxf2 {[%emt 0:00:03] Time (Lag: Av=0.97s, max=1.2s)} 0-1

[Event "Stay Safe Play From Home 252"]
[Site "Emanuel Lasker Arena"]
[Date "2020.06.24"]
[Round "1"]
[White "Justwatch"]
[Black "Weltszmerc"]
[Result "0-1"]
[WhiteElo "1544"]
[BlackElo "2092"]
[Annotator "TA"]
[PlyCount "28"]
[EventDate "2020.06.24"]
[EventType "swiss (blitz)"]

{[%evp 9,28,31,29,29,29,8,18,8,14,14,11,7,9,-29,42,-39,-41,-39,-58,-479,-472]} 1. e4 Nf6 2. e5 Nd5 3. Nc3 c6 4. Nxd5 cxd5 5. d4 d6 6. exd6 {B02: Alekhine's Defence: Chase Variation and lines with early Nc3.} Qxd6 7. Nf3 Bg4 8. Be2 {The position is equal.} e6 {[#]} 9. Be3 $146 ({Predecessor:} 9. c3 Nc6 10. O-O Be7 11. Be3 O-O 12. Qd2 Rfc8 13. Bf4 Qd8 14. a4 Na5 15. Qd1 {½-½ (61) Kratochvil,V (2019)-Karhanek,P (2118) Trebic 2013}) 9... Be7 10. h3 Bh5 11. c4 Qb4+ (11... dxc4 $11 12. O-O O-O) 12. Qd2 ({White should play} 12. Bd2 $14 Qd6 13. c5) 12... dxc4 $15 13. O-O Qxd2 14. Nxd2 $4 {[%mdl 8192] [#]} (14. Bxd2 $15 Nc6 15. g4) 14... Bxe2 {Accuracy: White = 64%, Black = 80%.} 0-1

[Event "Stay Safe Play From Home 252"]
[Site "Emanuel Lasker Arena"]
[Date "2020.06.24"]
[Round "2"]
[White "Weltszmerc"]
[Black "Shyamph1980"]
[Result "1-0"]
[WhiteElo "2093"]
[BlackElo "1577"]
[Annotator "NA"]
[PlyCount "111"]
[EventDate "2020.06.24"]
[EventType "swiss (blitz)"]

1. d4 {[%emt 0:00:02]} Nf6 {[%emt 0:00:05]} 2. c4 {[%emt 0:00:00]} e6 {[%emt 0:00:01]} 3. Nf3 {[%emt 0:00:09]} d5 {[%emt 0:00:03]} 4. g3 {[%emt 0:00:02]} b6 {[%emt 0:00:07]} 5. cxd5 {[%emt 0:00:02]} exd5 {[%emt 0:00:04]} 6. Bg2 {[%emt 0:00:01]} c6 {[%emt 0:00:02]} 7. O-O {[%emt 0:00:01]} Bd6 {[%emt 0:00:04]} 8. b3 {[%emt 0:00:01]} O-O {[%emt 0:00:03]} 9. Bb2 {[%emt 0:00:00]} Ba6 {[%emt 0:00:06]} 10. Nbd2 {[%emt 0:00:08]} Re8 {[%emt 0:00:03]} 11. Re1 {[%emt 0:00:01]} Bb4 {[%emt 0:00:06]} 12. a3 {[%emt 0:00:01]} Bd6 {[%emt 0:00:07]} 13. Ne5 {[%emt 0:00:02]} Nfd7 {[%emt 0:00:16]} 14. f4 {[%emt 0:00:08]} f6 {[%emt 0:00:03]} 15. Nxc6 {[%emt 0:00:03]} Nxc6 {[%emt 0:00:16]} 16. Bxd5+ {[%emt 0:00:02]} Kh8 {[%emt 0:00:01]} 17. Bxc6 {[%emt 0:00:01]} Rc8 {[%emt 0:00:01]} 18. Bg2 {[%emt 0:00:01]} Qe7 {[%emt 0:00:14]} 19. e4 {[%emt 0:00:03]} Qf7 {[%emt 0:00:13]} 20. e5 {[%emt 0:00:04]} fxe5 {[%emt 0:00:03]} 21. dxe5 {[%emt 0:00:01]} Bc5+ {[%emt 0:00:05]} 22. Kh1 {[%emt 0:00:01]} Rcd8 {[%emt 0:00:05]} 23. Qg4 {[%emt 0:00:12]} Nf8 {[%emt 0:00:04]} 24. Ne4 {[%emt 0:00:04]} Qxb3 {[%emt 0:00:17]} 25. Nxc5 {[%emt 0:00:16]} bxc5 {[%emt 0:00:03]} 26. Bc1 {[%emt 0:00:11]} Qc3 {[%emt 0:00:06]} 27. Be3 {[%emt 0:00:04]} Qa5 {[%emt 0:00:20]} 28. Rac1 {[%emt 0:00:11]} Bc8 {[%emt 0:00:09]} 29. Qe2 {[%emt 0:00:12]} Ba6 {[%emt 0:00:03]} 30. Qf2 {[%emt 0:00:07]} Qxa3 {[%emt 0:00:06]} 31. Bxc5 {[%emt 0:00:01]} Qd3 {[%emt 0:00:09]} 32. Bxf8 {[%emt 0:00:07]} Rxf8 {[%emt 0:00:03]} 33. e6 {[%emt 0:00:01]} Rb8 {[%emt 0:00:15]} 34. Re3 {[%emt 0:00:21]} Qd4 {[%emt 0:00:03]} 35. Rce1 {[%emt 0:00:04]} Rfe8 {[%emt 0:00:04]} 36. R3e2 {[%emt 0:00:27]} Qf6 {[%emt 0:00:10]} 37. Re5 {[%emt 0:00:07]} h6 {[%emt 0:00:03]} 38. Qxa7 {[%emt 0:00:08]} Ra8 {[%emt 0:00:04]} 39. Qf2 {[%emt 0:00:03]} Rad8 {[%emt 0:00:07]} 40. Qb6 {[%emt 0:00:09]} Bc8 {[%emt 0:00:03]} 41. h3 {[%emt 0:00:11]} Rd2 {[%emt 0:00:03]} 42. R1e2 {[%emt 0:00:06]} Rd1+ {[%emt 0:00:03]} 43. Kh2 {[%emt 0:00:01]} Qe7 {[%emt 0:00:12]} 44. Qb2 {[%emt 0:00:07]} Rd6 {[%emt 0:00:02]} 45. Rh5 {[%emt 0:00:06]} Rxe6 {[%emt 0:00:04]} 46. Rxe6 {[%emt 0:00:02]} Qxe6 {[%emt 0:00:03]} 47. Re5 {[%emt 0:00:02]} Qf7 {[%emt 0:00:02]} 48. Rxe8+ {[%emt 0:00:02]} Qxe8 {[%emt 0:00:01]} 49. Qb8 {[%emt 0:00:01]} Qd7 {[%emt 0:00:01]} 50. Qe5 {[%emt 0:00:03]} Kh7 {[%emt 0:00:01]} 51. Be4+ {[%emt 0:00:03]} Kg8 {[%emt 0:00:03]} 52. Bd5+ {[%emt 0:00:02]} Kh8 {[%emt 0:00:01]} 53. g4 {[%emt 0:00:01]} Qd8 {[%emt 0:00:04]} 54. Kg3 {[%emt 0:00:03]} Qf8 {[%emt 0:00:02]} 55. f5 {[%emt 0:00:20]} Bd7 {[%emt 0:00:01]} 56. h4 {[%emt 0:00:05] Time (Lag: Av=0.82s, max=1.1s)} 1-0

[Event "Stay Safe Play From Home 252"]
[Site "Emanuel Lasker Arena"]
[Date "2020.06.24"]
[Round "2"]
[White "Lazieri3"]
[Black "Indianquant"]
[Result "0-1"]
[WhiteElo "2089"]
[BlackElo "2322"]
[PlyCount "56"]
[EventDate "2020.06.24"]
[EventType "swiss (blitz)"]

1. e3 {[%emt 0:00:04]} c5 {[%emt 0:00:07]} 2. d4 {[%emt 0:00:00]} cxd4 {[%emt 0:00:03]} 3. exd4 {[%emt 0:00:05]} g6 {[%emt 0:00:01]} 4. Nf3 {[%emt 0:00:01]} Bg7 {[%emt 0:00:11]} 5. Be3 {[%emt 0:00:26]} d5 {[%emt 0:00:21]} 6. c3 {[%emt 0:00:01]} Nc6 {[%emt 0:00:08]} 7. Qd2 {[%emt 0:00:11]} Nf6 {[%emt 0:00:07]} 8. Bh6 {[%emt 0:00:01]} Ne4 {[%emt 0:00:16]} 9. Qe3 {[%emt 0:00:02]} Bxh6 {[%emt 0:00:02]} 10. Qxh6 {[%emt 0:00:03]} Qb6 {[%emt 0:00:01]} 11. Qc1 {[%emt 0:00:04]} e5 {[%emt 0:00:11]} 12. Nbd2 {[%emt 0:00:04]} exd4 {[%emt 0:00:05]} 13. Nxe4 {[%emt 0:00:01]} dxe4 {[%emt 0:00:05]} 14. Nxd4 {[%emt 0:00:02]} Nxd4 {[%emt 0:00:01]} 15. cxd4 {[%emt 0:00:00]} O-O {[%emt 0:00:15]} 16. Qd2 {[%emt 0:00:02]} Rd8 {[%emt 0:00:24]} 17. O-O-O {[%emt 0:00:07] Lazieri3 offers a draw} Be6 {[%emt 0:00:18]} 18. Kb1 {[%emt 0:00:03]} Rac8 {[%emt 0:00:02]} 19. Be2 {[%emt 0:00:01]} Rd6 {[%emt 0:00:32]} 20. h4 {[%emt 0:00:05]} h5 {[%emt 0:00:02]} 21. g4 {[%emt 0:00:03]} hxg4 {[%emt 0:00:09]} 22. h5 {[%emt 0:00:01]} Bf5 {[%emt 0:00:03]} 23. hxg6 {[%emt 0:00:02]} e3+ {[%emt 0:00:02] (Lag: Av=1.02s, max=1.9s) Aborted White restart ok. Black restart ok.} 24. Bd3 {[%emt 0:00:15]} exd2 {[%emt 0:00:06]} 25. gxf7+ {[%emt 0:00:01]} Kxf7 {[%emt 0:00:08]} 26. Bxf5 {[%emt 0:00:01]} Rc1+ {[%emt 0:00:03]} 27. Rxc1 {[%emt 0:00:02]} dxc1=Q+ {[%emt 0:00:00]} 28. Kxc1 {[%emt 0:00:12]} Qc6+ {[%emt 0:00:01] Lazieri3 resigns (Lag: Av=1.05s, max=1.2s)} 0-1

[Event "Stay Safe Play From Home 252"]
[Site "Emanuel Lasker Arena"]
[Date "2020.06.24"]
[Round "2"]
[White "Viani A Dcunha"]
[Black "Position"]
[Result "0-1"]
[WhiteElo "1821"]
[BlackElo "2090"]
[PlyCount "132"]
[EventDate "2020.06.24"]
[EventType "swiss (blitz)"]

1. e4 {[%emt 0:00:02]} c5 {[%emt 0:00:01]} 2. Nf3 {[%emt 0:00:03]} d6 {[%emt 0:00:03]} 3. d4 {[%emt 0:00:02]} cxd4 {[%emt 0:00:00]} 4. Nxd4 {[%emt 0:00:00]} Nf6 {[%emt 0:00:01]} 5. Nc3 {[%emt 0:00:02]} a6 {[%emt 0:00:00]} 6. Be2 {[%emt 0:00:02]} e6 {[%emt 0:00:05]} 7. O-O {[%emt 0:00:05]} Be7 {[%emt 0:00:01]} 8. f4 {[%emt 0:00:02]} Nc6 {[%emt 0:00:02]} 9. Be3 {[%emt 0:00:05]} Qc7 {[%emt 0:00:01]} 10. Bf3 {[%emt 0:00:02]} Bd7 {[%emt 0:00:01]} 11. a4 {[%emt 0:00:07]} O-O {[%emt 0:00:03]} 12. Qe1 {[%emt 0:00:03]} Nxd4 {[%emt 0:00:02]} 13. Bxd4 {[%emt 0:00:01]} Bc6 {[%emt 0:00:01]} 14. Rd1 {[%emt 0:00:09]} e5 {[%emt 0:00:03]} 15. Be3 {[%emt 0:00:03]} b5 {[%emt 0:00:08]} 16. axb5 {[%emt 0:00:06]} axb5 {[%emt 0:00:00]} 17. fxe5 {[%emt 0:00:09]} dxe5 {[%emt 0:00:02]} 18. Nd5 {[%emt 0:00:02]} Bxd5 {[%emt 0:00:02]} 19. exd5 {[%emt 0:00:00]} Bd6 {[%emt 0:00:04]} 20. c3 {[%emt 0:00:05]} e4 {[%emt 0:00:02]} 21. Be2 {[%emt 0:00:05]} Bxh2+ {[%emt 0:00:02]} 22. Kh1 {[%emt 0:00:01]} Bg3 {[%emt 0:00:02]} 23. Qd2 {[%emt 0:00:01]} Rad8 {[%emt 0:00:06]} 24. Bf4 {[%emt 0:00:20]} Bxf4 {[%emt 0:00:02]} 25. Qxf4 {[%emt 0:00:00]} Nxd5 {[%emt 0:00:06]} 26. Qxe4 {[%emt 0:00:13]} Rfe8 {[%emt 0:00:04]} 27. Qf3 {[%emt 0:00:04]} Re3 {[%emt 0:00:26]} 28. Qf2 {[%emt 0:00:11]} Re5 {[%emt 0:00:09]} 29. Kg1 {[%emt 0:00:10]} Rf8 {[%emt 0:00:07]} 30. Rd3 {[%emt 0:00:47]} Qe7 {[%emt 0:00:07]} 31. Bf3 {[%emt 0:00:08]} Nf4 {[%emt 0:00:08]} 32. Rd2 {[%emt 0:00:12]} Rg5 {[%emt 0:00:03]} 33. Qd4 {[%emt 0:00:20]} Ne6 {[%emt 0:00:29]} 34. Qd6 {[%emt 0:00:07]} Qa7+ {[%emt 0:00:04]} 35. Rff2 {[%emt 0:00:07]} Qe3 {[%emt 0:00:03]} 36. Qd3 {[%emt 0:00:07]} Qe5 {[%emt 0:00:02]} 37. Qe4 {[%emt 0:00:08]} Qg3 {[%emt 0:00:02]} 38. Be2 {[%emt 0:00:17]} Re5 {[%emt 0:00:20]} 39. Qf3 {[%emt 0:00:03]} Qg5 {[%emt 0:00:01]} 40. Bd3 {[%emt 0:00:03]} g6 {[%emt 0:00:02]} 41. Rde2 {[%emt 0:00:02]} Rxe2 {[%emt 0:00:04]} 42. Qxe2 {[%emt 0:00:00]} Nf4 {[%emt 0:00:02]} 43. Qd2 {[%emt 0:00:01]} Nh3+ {[%emt 0:00:07]} 44. Kh2 {[%emt 0:00:01]} Qxd2 {[%emt 0:00:11]} 45. Rxd2 {[%emt 0:00:00]} Nf4 {[%emt 0:00:04]} 46. Bxb5 {[%emt 0:00:00]} h5 {[%emt 0:00:02]} 47. c4 {[%emt 0:00:01]} Ne6 {[%emt 0:00:04]} 48. b4 {[%emt 0:00:01]} Rb8 {[%emt 0:00:04]} 49. Rb2 {[%emt 0:00:01]} Rd8 {[%emt 0:00:03]} 50. c5 {[%emt 0:00:01]} Rd4 {[%emt 0:00:01]} 51. Bc4 {[%emt 0:00:01]} Rxc4 {[%emt 0:00:01]} 52. b5 {[%emt 0:00:00]} Rxc5 {[%emt 0:00:02]} 53. b6 {[%emt 0:00:00]} Rc8 {[%emt 0:00:04]} 54. b7 {[%emt 0:00:00]} Rb8 {[%emt 0:00:01]} 55. Kg3 {[%emt 0:00:00]} Kf8 {[%emt 0:00:04]} 56. Kh3 {[%emt 0:00:01]} Ke7 {[%emt 0:00:01]} 57. Kh4 {[%emt 0:00:00]} Kd7 {[%emt 0:00:01]} 58. Rd2+ {[%emt 0:00:01]} Kc7 {[%emt 0:00:01]} 59. Rf2 {[%emt 0:00:00]} Nd8 {[%emt 0:00:02]} 60. Rf6 {[%emt 0:00:01]} Kxb7 {[%emt 0:00:01]} 61. Kg5 {[%emt 0:00:00]} Ra8 {[%emt 0:00:01]} 62. g4 {[%emt 0:00:00]} Ra6 {[%emt 0:00:01]} 63. Rf1 {[%emt 0:00:05]} hxg4 {[%emt 0:00:01]} 64. Kxg4 {[%emt 0:00:00]} Rb6 {[%emt 0:00:01]} 65. Kg5 {[%emt 0:00:01]} Kc7 {[%emt 0:00:01]} 66. Rd1 {[%emt 0:00:01]} Rd6 {[%emt 0:00:01] Time (Lag: Av=1.07s, max=2.2s)} 0-1

[Event "Stay Safe Play From Home 252"]
[Site "Emanuel Lasker Arena"]
[Date "2020.06.24"]
[Round "2"]
[White "Robk"]
[Black "Klasman"]
[Result "1-0"]
[WhiteElo "1521"]
[BlackElo "1652"]
[Annotator "NA"]
[PlyCount "43"]
[EventDate "2020.06.24"]
[EventType "swiss (blitz)"]

1. e4 {[%emt 0:00:05]} f5 {[%emt 0:00:35]} 2. exf5 {[%emt 0:00:05]} Nf6 {[%emt 0:00:01]} 3. Nf3 {[%emt 0:00:02]} d5 {[%emt 0:00:02]} 4. d4 {[%emt 0:00:01]} Bxf5 {[%emt 0:00:01]} 5. Bd3 {[%emt 0:00:03]} Bg4 {[%emt 0:00:04]} 6. h3 {[%emt 0:00:06]} Bh5 {[%emt 0:00:03]} 7. g4 {[%emt 0:00:02]} Nxg4 {[%emt 0:00:04]} 8. hxg4 {[%emt 0:00:03]} Bxg4 {[%emt 0:00:02]} 9. Be2 {[%emt 0:00:07]} Nc6 {[%emt 0:00:22]} 10. Be3 {[%emt 0:00:04]} Qd6 {[%emt 0:00:19]} 11. Nc3 {[%emt 0:00:02]} O-O-O {[%emt 0:00:23]} 12. Qd2 {[%emt 0:00:01]} g6 {[%emt 0:00:28]} 13. O-O-O {[%emt 0:00:06]} Bf5 {[%emt 0:00:15]} 14. Bd3 {[%emt 0:00:08]} Bg4 {[%emt 0:00:08]} 15. Be2 {[%emt 0:00:02]} Bf5 {[%emt 0:00:02]} 16. Nh4 {[%emt 0:00:01]} Bg7 {[%emt 0:00:34]} 17. Nxf5 {[%emt 0:00:03]} gxf5 {[%emt 0:00:01]} 18. Bf4 {[%emt 0:00:02]} Qb4 {[%emt 0:00:05]} 19. a3 {[%emt 0:00:08]} Qa5 {[%emt 0:00:21]} 20. Be3 {[%emt 0:00:02]} f4 {[%emt 0:00:48]} 21. Bxf4 {[%emt 0:00:04]} Bxd4 {[%emt 0:00:04]} 22. Be3 {[%emt 0:00:02] Time (Lag: Av=0.61s, max=0.9s)} 1-0

[Event "Stay Safe Play From Home 252"]
[Site "Emanuel Lasker Arena"]
[Date "2020.06.24"]
[Round "2"]
[White "Erdema"]
[Black "Charlsjulian19"]
[Result "0-1"]
[WhiteElo "1492"]
[BlackElo "1620"]
[Annotator "NA"]
[PlyCount "56"]
[EventDate "2020.06.24"]
[EventType "swiss (blitz)"]

1. e4 {[%emt 0:00:02]} e5 {[%emt 0:00:01]} 2. Nf3 {[%emt 0:00:03]} Nc6 {[%emt 0:00:01]} 3. Bc4 {[%emt 0:00:02]} Bc5 {[%emt 0:00:01]} 4. d3 {[%emt 0:00:02]} Nf6 {[%emt 0:00:01]} 5. O-O {[%emt 0:00:02]} h6 {[%emt 0:00:00]} 6. h3 {[%emt 0:00:02]} d6 {[%emt 0:00:01]} 7. Nc3 {[%emt 0:00:01]} a5 {[%emt 0:00:02]} 8. a3 {[%emt 0:00:02]} Be6 {[%emt 0:00:01]} 9. Bxe6 {[%emt 0:00:04]} fxe6 {[%emt 0:00:01]} 10. Be3 {[%emt 0:00:02]} Bxe3 {[%emt 0:00:02]} 11. fxe3 {[%emt 0:00:02]} O-O {[%emt 0:00:00]} 12. d4 {[%emt 0:00:05]} exd4 {[%emt 0:00:02]} 13. exd4 {[%emt 0:00:01]} d5 {[%emt 0:00:06]} 14. e5 {[%emt 0:00:03]} Ne4 {[%emt 0:00:05]} 15. Re1 {[%emt 0:00:06]} Ng3 {[%emt 0:00:04]} 16. Qd2 {[%emt 0:00:09]} Rf7 {[%emt 0:00:03]} 17. Qf2 {[%emt 0:00:02]} Nf5 {[%emt 0:00:06]} 18. Qd2 {[%emt 0:00:08]} Qe7 {[%emt 0:00:03]} 19. Rad1 {[%emt 0:00:03]} Raf8 {[%emt 0:00:01]} 20. Nh2 {[%emt 0:00:04]} Nfxd4 {[%emt 0:00:03]} 21. Ng4 {[%emt 0:00:12]} h5 {[%emt 0:00:02]} 22. Ne3 {[%emt 0:00:02]} Rf2 {[%emt 0:00:07]} 23. Qd3 {[%emt 0:00:09]} Qg5 {[%emt 0:00:09]} 24. Rf1 {[%emt 0:00:05]} Nf3+ {[%emt 0:00:07]} 25. Kh1 {[%emt 0:00:17]} Nfxe5 {[%emt 0:00:02]} 26. Qb5 {[%emt 0:00:21]} Qxe3 {[%emt 0:00:02]} 27. Rfe1 {[%emt 0:00:11]} Qg3 {[%emt 0:00:03]} 28. Rg1 {[%emt 0:00:05]} Nf3 {[%emt 0:00:05] Erdema terk eder (Lag: Av=0.93s, max=1.4s)} 0-1